| 000 | 00696cam a2200241 4500500 | ||
|---|---|---|---|
| 005 | 20260329005110.0 | ||
| 041 | _afre | ||
| 042 | _adc | ||
| 100 | 1 | 0 |
_aDurand, Jean-Marie _eauthor |
| 245 | 0 | 0 | _aEt si je suis désespéré, que voulez-vous que j’y fasse ? |
| 260 | _c2022. | ||
| 500 | _a44 | ||
| 690 | _aAllemagne | ||
| 690 | _aAtomique | ||
| 690 | _aDésespoir | ||
| 690 | _aGuerre | ||
| 690 | _aHusserl | ||
| 690 | _aNazisme | ||
| 690 | _aNucléaire | ||
| 690 | _aTechnique | ||
| 786 | 0 | _nPhilosophie magazine | 160 | 6 | 2022-06-01 | p. 58-58 | 1951-1787 | |
| 856 | 4 | 1 | _uhttps://shs.cairn.info/magazine-philosophie-magazine-2022-6-page-58?lang=fr&redirect-ssocas=7080 |
| 999 |
_c1840290 _d1840289 |
||